000 01182nam a2200385Ia 4500
008 170203s9999 xx 000 0 und d
020 _a9780545440202
050 _aFic
050 _bS857j
100 _aStilton, Thea.
245 4 _aThe journey to Atlantis /
245 _cThea Stilton ; illustrations by Barbara Pellizzari and Chiara Balleello ; translated by Julia Heim.
260 _aNew York :
260 _bScholastic, Inc.,
260 _c2012
300 _a301 pages :
300 _bcolor illustrations ;
300 _c20 cm
440 _aThea Stilton ;
440 _vbk. 8.
500 _aTranslation of: Nel regno di Atlantide : it principe di Atlantide.
650 _aAtlantis (Legendary place) --
650 _aGeronimo Stilton (Fictitious character) --
650 _aMice --
650 _aShipwrecks --
650 _aVoyages and travels --
650 _xJuvenile fiction.
650 _xJuvenile fiction.
650 _xJuvenile fiction.
650 _xJuvenile fiction.
650 _xJuvenile fiction.
700 _aBalleello, Chiara, illustrator.
700 _aHeim, Julia.
700 _aPellizzari, Barbara, illustrator.
999 _c306292
_d306292